Republic of Kazakhstan : Staff Report for the 2004 Article IV Consultation.

This 2004 Article IV Consultation highlights that Kazakhstan's economy continues to expand rapidly, with average real growth of more than 10 percent over the past three years, and an estimated 9.1 percent in the first quarter of 2004. Economic growth has been driven by increasing oil production...

Повний опис

Бібліографічні деталі
Співавтор: International Monetary Fund
Формат: Журнал
Мова:English
Опубліковано: Washington, D.C. : International Monetary Fund, 2004.
Серія:IMF Staff Country Reports; Country Report ; No. 2004/339
Онлайн доступ:Full text available on IMF
LEADER 01579cas a2200241 a 4500
001 AALejournalIMF003281
008 230101c9999 xx r poo 0 0eng d
020 |c 5.00 USD 
020 |z 9781451820928 
022 |a 1934-7685 
040 |a BD-DhAAL  |c BD-DhAAL 
110 2 |a International Monetary Fund. 
245 1 0 |a Republic of Kazakhstan :   |b Staff Report for the 2004 Article IV Consultation. 
264 1 |a Washington, D.C. :  |b International Monetary Fund,  |c 2004. 
300 |a 1 online resource (51 pages) 
490 1 |a IMF Staff Country Reports 
500 |a <strong>Off-Campus Access:</strong> No User ID or Password Required 
500 |a <strong>On-Campus Access:</strong> No User ID or Password Required 
506 |a Electronic access restricted to authorized BRAC University faculty, staff and students 
520 3 |a This 2004 Article IV Consultation highlights that Kazakhstan's economy continues to expand rapidly, with average real growth of more than 10 percent over the past three years, and an estimated 9.1 percent in the first quarter of 2004. Economic growth has been driven by increasing oil production, supported by high oil prices and rising foreign investments. Structural reforms are well advanced compared with other countries in the region, but the implementation of the reform agenda has slowed somewhat since 2000. 
538 |a Mode of access: Internet 
830 0 |a IMF Staff Country Reports; Country Report ;  |v No. 2004/339 
856 4 0 |z Full text available on IMF  |u http://elibrary.imf.org/view/journals/002/2004/339/002.2004.issue-339-en.xml  |z IMF e-Library